Представление документа в формате RUSMARC

ПолеНазваниеЗначение
  Тип записи a
  Библиографический уровень m
001 Контрольный номер UONB/MAIN/28760b1164a640ac91cf63c73b4d4291
005 Дата корректировки 20260514104556.5
010 Индекс ISBN __
9 Тираж 30 экз.
100 Данные общей обработки __
a Данные общей обработки 20260514d2025 u y0rusy0189## ca
101 Язык документа 0_
a Язык текста rus
102 Страна публикации __
a Страна публикации RU
105 Кодированные данные (монография) __
a Кодированные данные (монография) a z 001yy
200 Заглавие и сведения об ответственности 1_
a Заглавие Информационные технологии на транспорте
f Первые сведения об ответственности Федеральное агентство воздушного транспорта, Ульяновский институт гражданской авиации имени Главного маршала авиации Б. П. Бугаева
g Последующие сведения об ответственности составители Е. В. Беляева, В. Г. Брежнев, В. В. Капитанчук, И. В. Чернышев
203 Вид содержания и тип средства __
a Вид содержания Текст
b Характеристика содержания визуальный
c Тип средства непосредственный
210 Выходные данные 1_
a Место издания Ульяновск
c Издательство УИ ГА
d Дата издания 2025
215 Физическое описание __
a Объем 80 с.
d Формат 20 см
c Иллюстрации/тип воспроизводства ил., цв. ил., схем., табл.
606 Тематические рубрики 0_
a Основная рубрика Воздушный транспорт
x Основная подрубрика Информационные технологии
j Формальный подзаголовок Учебники и пособия
606 Тематические рубрики 0_
a Основная рубрика Программное обеспечение
j Формальный подзаголовок Учебники и пособия
610 Ключевые слова 0_
a Ключевые слова воздушный транспорт; программное обеспечение; информационные технологии на транспорте; документационное обеспечение; мультимедийные приложения; программа создания графических презентаций; программные средства
686 Индексы других классификаций __
2 Код системы rubbk
a Классификационный индекс 39.5с51я7
686 Индексы других классификаций __
a Классификационный индекс 32.973.23-018.2я7
2 Код системы rubbk
702 Вторичная интеллектуальная ответственность _1
a Фамилия Беляева
b Имя (инициалы) Е. В.
g Полное личное имя Елена Вадимовна
4 Код отношения 220
702 Вторичная интеллектуальная ответственность _1
a Фамилия Брежнев
b Имя (инициалы) В. Г.
g Полное личное имя Виктор Георгиевич
4 Код отношения 220
702 Вторичная интеллектуальная ответственность _1
a Фамилия Капитанчук
b Имя (инициалы) В. В.
g Полное личное имя Василий Вячеславович
4 Код отношения 220
702 Вторичная интеллектуальная ответственность _1
a Фамилия Чернышев
b Имя (инициалы) И. В.
g Полное личное имя Илья Васильевич
4 Код отношения 220
712 Наименование организации (Вторичная ответственность) 02
a Организация/ юрисдикция Ульяновский институт гражданской авиации имени Главного маршала авиации Б. П. Бугаева
4 Код отношения 570
801 Источник записи _0
a Страна RU
b Организация Ульяновская ОНБ
c Дата составления 20260514
g Правила каталогизации RCR
801 Источник записи _1
a Страна RU
b Организация Ульяновская ОНБ
c Дата составления 20260514
g Правила каталогизации RCR
900 Электронные ресурсы __
a Имя электронного ресурса ск20250191
900 Электронные ресурсы __
a Имя электронного ресурса ск20250192
901 Тип документа __
t Тип документа m
909 Создатель записи __
a Создатель записи Макушик
b Дата создания записи 20260514